| 000 | 00853nam a2200289Ia 4500 | ||
|---|---|---|---|
| 008 | |||
| 020 | _a9780323527699 (hardback) | ||
| 040 |
_aNUST _cNUST |
||
| 049 | _aMAIN | ||
| 090 |
_aRM101 _bCUR |
||
| 100 | _aKellerman, R. D. | ||
| 245 | 0 | 0 |
_aConn's current therapy, 2018 / _cRick D. Kellerman and Edward T. Bope. |
| 260 |
_aPhiladelphia : _bElsevier, _c2018. |
||
| 300 |
_axxxv, 1585 p. : _bill. ; _c28 cm. |
||
| 500 | _aIncludes index. | ||
| 504 | _aIncludes bibliographical references. | ||
| 650 | 0 |
_aMedicine _xPractice. |
|
| 650 | 0 | _aTherapeutics. | |
| 650 | 0 | _aTherapeutics, Surgical. | |
| 700 | _aBope, Edward T. | ||
| 700 | _aConn, H. F. | ||
| 700 | 1 | _aRakel, Robert E. | |
| 907 |
_a.b10407856 _b11-11-21 _c03-08-21 |
||
| 003 | |||
| 005 | 20230120204323.0 | ||
| 942 |
_cBOOKS _kRM101 _mCUR |
||
| 999 |
_c121112 _d121112 |
||